Nominations of Walter J. Stoessel, Jr., To Be Under Secretary of State for Political Affairs; James L. Buckley To Be Under Secretary of State for Security Assistance, Science, and Technology; Richard T. Kennedy To Be Under Secretary of State for Management.

Hearing to consider the following nominations.

Bibliographic Details
Format: eBook
Language:English
Published: [Washington : U.S. G.P.O.], 1981.
Subjects:
Online Access:Electronic resource (PDF)

MARC

Tag First Indicator Second Indicator Subfields
LEADER 00000cam a22000001i 4500
001 in00004133539
005 20200117091035.0
006 m d f
007 cr bn mmmapmmp
008 091109s1981 dcu o f000 0 eng d
035 |a cis2007529491 
040 |a UMI  |b eng  |e rda  |c UMI  |d UtOrBLW 
110 1 |a United States.  |b Congress.  |b Senate.  |b Committee on Foreign Relations,  |e issuing body.  |0 http://id.loc.gov/authorities/names/n78008230 
245 1 0 |a Nominations of Walter J. Stoessel, Jr., To Be Under Secretary of State for Political Affairs; James L. Buckley To Be Under Secretary of State for Security Assistance, Science, and Technology; Richard T. Kennedy To Be Under Secretary of State for Management. 
264 1 |a [Washington :  |b U.S. G.P.O.],  |c 1981. 
300 |a 144 pages, digital, PDF file. 
336 |a text  |2 rdacontent  |b txt 
337 |a computer  |b c  |2 rdamedia 
338 |a online resource  |2 rdacarrier  |b cr 
500 |a Record is based on bibliographic data in ProQuest Congressional Hearings Digital Collection (last viewed July 2018) Reuse except for individual research requires license from ProQuest, LLC. 
520 |a Hearing to consider the following nominations. 
538 |a System requirements: PDF reader software. 
500 |a Electronic resource. 
610 1 0 |a United States.  |b Department of State.  |0 http://id.loc.gov/authorities/names/n80126198 
650 0 |a Nominations for office.  |0 http://id.loc.gov/authorities/subjects/sh85092211 
730 0 |a ProQuest U.S. Congressional Hearings Digital Collection. 
776 0 8 |a United States. Congress. Senate. Committee on Foreign Relations  |t Nominations of Walter J. Stoessel, Jr., To Be Under Secretary of State for Political Affairs; James L. Buckley To Be Under Secretary of State for Security Assistance, Science, and Technology; Richard T. Kennedy To Be Under Secretary of State for Management.  |o 97 SFo-T.5 
856 4 0 |u http://proxy.library.tamu.edu/login?url=http://congressional.proquest.com/congcomp/getdoc?HEARING-ID=HRG-1981-FOR-0112  |y Electronic resource (PDF)  |t 0 
999 f f |s 6bdebb2c-9432-3b9c-ba49-4ad6b9fcd3a4  |i 03051d36-5377-3ed1-8b2c-5cfea52e8a49  |t 0 
952 f f |a Texas A&M University  |b College Station  |c Electronic Resources  |d Available Online  |t 0  |h No information provided 
998 f f |t 0  |l Available Online